| 000 | 00388nam a2200157Ia 4500 | ||
|---|---|---|---|
| 003 | OSt | ||
| 005 | 20240322153221.0 | ||
| 008 | 170523s9999 xx 000 0 und d | ||
| 020 | _a978-0874252255 | ||
| 040 | _cIIMT UNIVERSITY, MEERUT | ||
| 100 | _afaris, phillip | ||
| 245 | 0 | _a50 ACTIVITIESTIES FOR SALES TRAINNING | |
| 260 |
_bPHI _aNEW DELHI _c2003 |
||
| 300 | _a306 | ||
| 942 |
_2ddc _c02 |
||
| 999 |
_c1885 _d1885 |
||